Mat Wokół Nas-klasa 5 quizy Temat w opisie - Statystyki

Ogólne statystyki
  • Ten quiz został rozwiązany 15 razy
  • Średni wynik to 19 z 25
Statystyki odpowiedzi
Pytanie Rzymska Wpisz Odpowiedź % Poprawnych
1.Zapisz Liczby w systemie dziesiątkowym a) XX 20
100%
Zapisz Liczby w systemie dziesiątkowym XIV 14
93%
Zapisz liczby w systemie rzymskim 20 XX
93%
Zapisz liczby w systemie rzymskim 30 XXX
93%
Zapisz Liczby w systemie dziesiątkowym XXXIX 39
86%
Zapisz Liczby w systemie dziesiątkowym b) LV 55
86%
Zapisz liczby w systemie rzymskim 29 XXIX
86%
Zapisz liczby w systemie rzymskim 39 XXXIX
86%
Zapisz liczby w systemie rzymskim b) 38 XXXVIII
86%
Zapisz Liczby w systemie dziesiątkowym XC 90
79%
Zapisz liczby w systemie rzymskim 50 L
79%
2.Zapisz liczby w systemie rzymskim a) 12 XII
79%
Zapisz liczby w systemie rzymskim 19 XIX
79%
Zapisz liczby w systemie rzymskim 15 XV
79%
Zapisz liczby w systemie rzymskim 24 XXIV
79%
Zapisz liczby w systemie rzymskim 26 XXVI
79%
Zapisz liczby w systemie rzymskim 90 XC
71%
Zapisz Liczby w systemie dziesiątkowym c) XLVIII 48
64%
Zapisz liczby w systemie rzymskim 120 CXX
64%
Zapisz liczby w systemie rzymskim 40 XL
64%
Zapisz liczby w systemie rzymskim 49 XLIX
64%
Zapisz Liczby w systemie dziesiątkowym d) CMLIII 953
57%
Zapisz liczby w systemie rzymskim 145 CXLV
57%
Zapisz Liczby w systemie dziesiątkowym DCXCVI 696
50%
3.Zapisz cyframi liczbę która składa się z 6 tysięcy, 9 setek, 5 dziesiątek, 2 jedności Nic MMMMMMCMLII
7%
Nie znaleziono quizów pasujących do podanych kryteriów
Rozkład punktacji
Procent ludzi z każdym wynikiem
Percentyl według liczby udzielonych odpowiedzi
Twoja historia wyników
Nie rozwiązałeś tego quizu